Бърза математика - квадратни корени - Statistics

General Stats
  • This quiz has been taken 199 times
  • The average score is 11 of 20
Answer Stats
проблем отговор % Correct
64 8
96%
81 9
95%
1 1
89%
144 12
89%
16 4
88%
121 11
87%
400 20
87%
900 30
87%
25 5
87%
4 2
86%
36 6
86%
49 7
86%
9 3
84%
100 10
82%
324 18
82%
256 16
79%
1600 40
79%
169 13
77%
225 15
76%
361 19
70%
2500 50
70%
3600 60
70%
625 25
68%
289 17
67%
1225 35
63%
196 14
62%
961 31
62%
441 21
61%
529 23
61%
784 28
58%
576 24
57%
2025 45
57%
484 22
55%
676 26
52%
841 29
48%
1024 32
46%
1369 37
45%
3025 55
45%
1089 33
43%
1936 44
43%
2209 47
43%
729 27
42%
2601 51
42%
3249 57
42%
3481 59
41%
1296 36
39%
1681 41
38%
2304 48
36%
3136 56
36%
2116 46
35%
1521 39
33%
2401 49
33%
3364 58
33%
1849 43
32%
2809 53
29%
1156 34
28%
1444 38
26%
2704 52
26%
1764 42
25%
2916 54
23%
No matching quizzes found
Score Distribution
Percent of People with Each Score
Percentile by Number Answered
Your Score History
You have not taken this quiz